| 000 | 00809nam a22002535a 4500 | ||
|---|---|---|---|
| 005 | 20161030140935.0 | ||
| 008 | 161030t2015 at a frbd 001 0 eng d | ||
| 020 | _a9780195588033 | ||
| 040 |
_aEG-ScBUE _beng _cEG-ScBUE _dEG-ScBUE |
||
| 082 | 0 | 4 |
_222 _a302.23072 _bWEE |
| 100 | 1 | _aWeerakkody, Niranjala. | |
| 245 | 1 | 0 |
_aResearch methods for media and communication / _cNiranjala Weerakkody. |
| 250 | _a2nd ed. | ||
| 260 |
_aSouth Melbourne : _bOxford University Press, _cc.2015. |
||
| 300 |
_axiv, 350 p. : _bill. ; _c28 cm. |
||
| 500 | _aGlossary : p. 314-324. | ||
| 500 | _aIndex : p. 338-350. | ||
| 504 | _aBibliography : p. 325-337. | ||
| 650 | 7 |
_2BUEsh _aPublic relations _xResearch. |
|
| 650 | 7 |
_2BUEsh _aAdvertising _xResearch. |
|
| 651 | _2BUEsh | ||
| 653 |
_bBUSADM _cOctober2016 |
||
| 942 | _2ddc | ||
| 999 |
_c22919 _d22891 |
||